| 000 | 00552nam a2200205Ia 4500 | ||
|---|---|---|---|
| 001 | 22415 | ||
| 003 | GE_BSU | ||
| 008 | 181216s||||||||xx |||||||||||||| ||und|| | ||
| 040 | _cGE_BSU | ||
| 245 | _aАгрохимия №2 Февраль 2018 | ||
| 245 | _cГл. ред. В.Н. Кудеяров | ||
| 260 | _aМосква | ||
| 260 | _bНаука | ||
| 260 | _c2018 | ||
| 300 | _a98 стр. 24см. | ||
| 653 | _aАгрохимия №2 Февраль 2018 | ||
| 653 | _aПериодика | ||
| 653 | _aპერიოდიკა | ||
| 942 | _cCR | ||
| 999 |
_c55337 _d55337 |
||